| 000 | 00000cam 2200000zi 4500 |
| 001 | 9.958151 |
| 003 | CaOODSP |
| 005 | 20260605152536 |
| 006 | m o d f |
| 007 | cr |n||||||||| |
| 008 | 251210e197810 onca o f000 0 eng d |
| 040 | |aCaOODSP|beng|erda|cCaOODSP |
| 043 | |an-cn--- |
| 086 | 1 |aJS82-115/1978E-PDF |
| 245 | 00|aReport of the Joint Committee to Study Alternatives for the Housing of the Federal Female Offender. |
| 264 | 1|a[Ottawa] : |b[Canadian Penitentiary Service], |cOctober 1978. |
| 300 | |a1 online resource (39 pages) : |billustration |
| 336 | |atext|btxt|2rdacontent |
| 337 | |acomputer|bc|2rdamedia |
| 338 | |aonline resource|bcr|2rdacarrier |
| 500 | |aDigitized edition from print [produced by Public Safety Canada]. |
| 500 | |aIssued also in French under title: Rapport du Comité mixte chargé d'étudier les possibilités de logement pour les détenues sous responsabilité fédérale. |
| 650 | 0|aReformatories for women|zCanada. |
| 650 | 0|aFemale offenders|xRehabilitation|zCanada. |
| 710 | 2 |aCanadian Penitentiary Service, |eissuing body |
| 775 | 08|tRapport du Comité mixte chargé d'étudier les possibilités de logement pour les détenues sous responsabilité fédérale.|w(CaOODSP)9.963361 |
| 856 | 40|qPDF|s1.42 MB|uhttps://publications.gc.ca/collections/collection_2026/sp-ps/JS82-115-1978-eng.pdf |